000 00736cam a2200229 i 4500
001 bg
003 KOSZ 005
005 20211029125547.0
008 001010s1999 uk g |000 0 eng d
020 _a033376370X
040 _cBPK
080 _a94(41)
100 1 _aDavies, Norman
_d(1939- )
_eAutor
240 1 0 _aIsles
_l(ang.)
245 1 0 _aThe Isles :
_ba history /
_cNorman Davies.
260 _aLondon :
_bMacmillan,
_ccop.1999.
300 _aXLII, 1222 s., [16]k. tabl. (w tym kolor.) :
_bfaks., fot., mapy, nuty ;
_c24 cm.
504 _aIndeks.
651 4 _aWielka Brytania
_xhistoria
856 _uhttp://koha.tu.koszalin.pl/cgi-bin/koha/opac-detail.pl?biblionumber=38307
_yKatalog online BPK
942 _cKS
_2UKD
999 _c38307
_d38307